000 01722nam a2200337Ia 4500
003 OSt
005 20210416115150.0
008 210310s2007 CK ad gr 000 0 SPA d
020 _a9789588298382
040 _aCO-JMCR
_cCO-JMCR
041 _aspa
082 0 4 _a341.754 /
_bV252t
_223
100 1 _aVenegas Franco, Alejandro,
_eautor
_910577
245 1 3 _aEl tratado de libre comercio, la integración comercial y el derecho de los mercados /
_cAlejandro Vanegas Franco, Alina Ramos Sánchez, Andrea Camargo García, [y otros 21]. ; editores, Erick Rincón Cárdenas, Erwin Santamaría Ariza, Juan Jacobo Calderón Villegas
250 _aPrimera edición
260 _aBogotá :
_bUniversidad del Rosario ;
_c2007.
300 _a544 páginas ;
_c24 cm.
490 1 _aColección Textos de Jurisprudencia
504 _aBibliografía: páginas 543-544.
505 0 _aAproximación a los alcances y efectos de los procesos de integración comercial. -- El tratado de libre comercio con EEUU y su su incidencia en el derecho de los mercados.
520 0 _aEsta publicación, que se articula directamente con la agenda de la línea de investigación n derecho comercial de la facultad de jurisprudencia de la Universidad del Rosario.
650 1 4 _aConvenios comerciales.
_925715
650 2 4 _aTratados de libre comercio.
_xTLC.
_936917
650 2 4 _aIntegración comercial.
_vMercados.
_xGlobalización
_936918
700 1 _aRamos Sánchez, Alina,
_eautora
_936919
700 1 _aCamargo García, Andrea,
_eautora
_936920
700 1 _aErick Rincón Cárdenas,
_936921
700 1 _aSantamaría Ariza, Erwin,
_eeditor
_936922
700 1 _aCalderón Villegas, Juan Jacobo,
_eeditor
_936923
942 _2ddc
_cBK
999 _c11509
_d11509